Online
Catalog

Gestión financiera y administrativa de la pequeña industria en la República Dominicana / (Record no. 7197)

MARC details
000 -CABECERA
campo de control de longitud fija 00783nam a2200229 a 4500
001 - NÚMERO DE CONTROL
campo de control 000007416
003 - IDENTIFICADOR DEL NÚMERO DE CONTROL
campo de control OSt
005 - FECHA Y HORA DE LA ÚLTIMA TRANSACCIÓN
campo de control 20201207092932.0
008 - DATOS DE LONGITUD FIJA--INFORMACIÓN GENERAL
campo de control de longitud fija 090908[1989] dr ac 001 spa d
040 ## - FUENTE DE LA CATALOGACIÓN
Centro catalogador/agencia de origen DO-SdBNP
Lengua de catalogación spa
Centro/agencia transcriptor BNPHU
082 ## - NÚMERO DE LA CLASIFICACIÓN DECIMAL DEWEY
Número de clasificación xxx
Número de documento/Ítem L789g
100 1# - ENTRADA PRINCIPAL--NOMBRE DE PERSONA
Nombre de persona Lizardo, Sonia
9 (RLIN) 20598
245 #0 - MENCIÓN DE TÍTULO
Título Gestión financiera y administrativa de la pequeña industria en la República Dominicana /
Mención de responsabilidad, etc. Sonia Lizardo ; prólogo Ricardo A. Lora R.
260 ## - PUBLICACIÓN, DISTRIBUCIÓN, ETC.
Lugar de publicación, distribución, etc. Santo Domingo, :
Nombre del editor, distribuidor, etc. CENAPEC,
Fecha de publicación, distribución, etc. [1989].
300 ## - DESCRIPCIÓN FÍSICA
Extensión 155 p. :
Otras características físicas il., retrs. ;
Dimensiones 22 cm.
500 ## - NOTA GENERAL
Nota general Incluye datos biográficos
504 ## - NOTA DE BIBLIOGRAFÍA, ETC.
Nota de bibliografía, etc. Incluye notas y datos biográficos a pie de paginas.
590 ## - NOTA LOCAL (RLIN)
Nota local Inventariado, 2020/ YL
700 1# - PUNTO DE ACCESO ADICIONAL--NOMBRE DE PERSONA
Nombre de persona Lora R. , Ricardo A
Término indicativo de función/relación pról.
9 (RLIN) 20599
910 ## - DATOS DE OPCIÓN DEL USUARIO (OCLC)
Datos de opción del usuario YLockward
942 ## - ELEMENTOS DE PUNTO DE ACCESO ADICIONAL (KOHA)
Fuente del sistema de clasificación o colocación Dewey Decimal Classification
Tipo de ítem Koha Libro
Holdings
Estado de retiro Estado de pérdida Fuente del sistema de clasificación o colocación Restricciones de uso No para préstamo Código de colección Localización permanente Ubicación/localización actual Ubicación en estantería Fecha de adquisición Fuente de adquisición Número de inventario Total de préstamos Signatura topográfica completa Código de barras Fecha visto por última vez Precio válido a partir de Tipo de ítem Koha Número de copia
    Dewey Decimal Classification Excluido de préstamo Excluido de préstamo Patrimonio Dominicano Patrimonio Dominicano Patrimonio Dominicano En catalogación 08.09.2009 Biblioteca Lincoln LF1   xxx L789g 7416-10 25.06.2020 25.06.2020 Libro y Folleto Colección Patrimonio Dominicano  
    Dewey Decimal Classification Préstamo restringido Préstamo restrigido Patrimonio Dominicano Patrimonio Dominicano Patrimonio Dominicano En catalogación 24.06.2013 Obsequio Librería La Trinitaria LF1   xxx L789g 7416-20 25.06.2020 25.06.2020 Libro y Folleto Colección Patrimonio Dominicano e. 2
    Dewey Decimal Classification Préstamo en sala   Dominicana de Servicio Patrimonio Dominicano Patrimonio Dominicano En catalogación 24.06.2013 Flia. Reyes Duluc LF1   xxx L789g 2020-0652 07.12.2020 25.06.2020 Libro y Folleto Colección Dominicana de Servicio e. 3

Powered by Koha